Phản huỳnh quang của tinh thể AgCl(I) khi hấp phụ trên bề mặt các phân tử chất nhuộm

Wedi'i Gadw mewn:
Manylion Llyfryddiaeth
Prif Awdur: Nguyễn, Thị Kim Chung
Fformat: Llyfr
Iaith:Undetermined
Pynciau:
Mynediad Ar-lein:http://lrc.tdmu.edu.vn/opac/search/detail.asp?aID=2&ID=33687
Tagiau: Ychwanegu Tag
Dim Tagiau, Byddwch y cyntaf i dagio'r cofnod hwn!
Thư viện lưu trữ: Trung tâm Học liệu Trường Đại học Thủ Dầu Một
LEADER 00664nam a2200145Ia 4500
001 TDMU_33687
008 210410s9999 xx 000 0 und d
082 |a 530.143 
100 |a Nguyễn, Thị Kim Chung 
245 0 |a Phản huỳnh quang của tinh thể AgCl(I) khi hấp phụ trên bề mặt các phân tử chất nhuộm 
245 0 |c Nguyễn Thị Kim Chung 
300 |a Tr.24-31 
650 |a Vật lý  |x Phản huỳnh quang; Phân tử chất nhuộm; Hấp phụ; Huỳnh quang 
856 |u http://lrc.tdmu.edu.vn/opac/search/detail.asp?aID=2&ID=33687 
980 |a Trung tâm Học liệu Trường Đại học Thủ Dầu Một